The West Pacific rim : an introduction

Αποθηκεύτηκε σε:
Λεπτομέρειες βιβλιογραφικής εγγραφής
Κύριος συγγραφέας: Hodder, Rupert
Μορφή: Βιβλίο
Γλώσσα:English
Δημοσίευση: London : Belhaven, 1992
Θέματα:
Ετικέτες: Προσθήκη ετικέτας
Δεν υπάρχουν, Καταχωρήστε ετικέτα πρώτοι!

MARC

LEADER 00000nam a2200000 i 4500
001 1/96421
008 941014s1992 eng d
020 |a 1-85293-211-2 
035 |l 10010175 
040 |a GR-MY-UA  |b gre  |e aacr 
041 0 |a eng 
082 0 |a 330.951 
100 1 |a Hodder, Rupert. 
245 1 4 |a The West Pacific rim :  |b an introduction /  |c Rupert Hodder 
260 |a London :   |b Belhaven,   |c 1992 
300 |a 153 p. 
651 0 |a East Asia  |x Economic conditions. 
651 0 |a East Asia  |x Economic policy. 
651 0 |a Pacific Area  |x Economic conditions. 
651 0 |a Pacific Area  |x Economic policy. 
852 |a INST  |b LESVOS  |e 19941014  |h 330.951 HOD  |p 005100003123  |q 005100003123  |t BK  |y 0 
909 |a Λ  |b 037134 
950 |a 169-1994-09-06